[Event "CZE-chT2B 1314"]
[Site "Czech Republic"]
[Date "2013.12.01"]
[Round "3.1"]
[White "Mudra, Pavel"]
[Black "Ralis, Petr"]
[Result "1/2-1/2"]
[WhiteElo "2265"]
[BlackElo "2246"]
[PlyCount "84"]
[EventDate "2013.11.03"]
[EventType "team-tourn"]
[EventRounds "11"]
[EventCountry "CZE"]
[SourceTitle "EXT 2015"]
[Source "ChessBase"]
[SourceDate "2014.11.20"]
[SourceVersion "1"]
[SourceVersionDate "2014.11.20"]
[SourceQuality "1"]
[WhiteTeam "Bakov nad Jizerou"]
[BlackTeam "Teplice"]
[WhiteTeamCountry "CZE"]
[BlackTeamCountry "CZE"]

1. d4 Nf6 2. g3 g6 3. Bg2 Bg7 4. e4 d6 5. c4 0-0 6. Ne2 Nbd7 7. 0-0 e5 8. Nbc3 a5 9. h3 exd4 10. Nxd4 Re8 11. Re1 Nc5 12. b3 Nfd7 13. Be3 Ne5 14. Qc2 a4 15. Rad1 axb3 16. axb3 Na6 17. Qb1 Bd7 18. Kh2 Nb4 19. Nd5 Nec6 20. Nxc6 Nxc6 21. b4 Ne5 22. c5 Nc4 23. Bd4 c6 24. Bxg7 Kxg7 25. Ne3 Nxe3 26. Rxe3 Qf6 27. Rxd6 Be6 28. Rd2 Ra1 29. Qd3 Rea8 30. e5 Qg5 31. Qd4 Rc1 32. f4 Qh5 33. g4 Qh4 34. Rc3 Raa1 35. Rg3 Rh1+ 36. Bxh1 Rxh1+ 37. Kxh1 Qxg3 38. Qe4 Qxh3+ 39. Kg1 Qxg4+ 40. Kf2 Bd5 41. Qd4 Qf3+ 42. Ke1 Qh1+ 1/2-1/2

[Event "CZE-chT2A 1213"]
[Site "Czech Republic"]
[Date "2013.02.03"]
[Round "8.3"]
[White "Ralis, Petr"]
[Black "Vykouk, Jan"]
[Result "1-0"]
[WhiteElo "2223"]
[BlackElo "1962"]
[PlyCount "63"]
[EventDate "2012.10.14"]
[EventType "team-tourn"]
[EventRounds "11"]
[EventCountry "CZE"]
[SourceTitle "EXT 2015"]
[Source "ChessBase"]
[SourceDate "2014.11.20"]
[SourceVersion "1"]
[SourceVersionDate "2014.11.20"]
[SourceQuality "1"]
[WhiteTeam "Teplice"]
[BlackTeam "Most Chess II"]
[WhiteTeamCountry "CZE"]
[BlackTeamCountry "CZE"]

1. Nf3 Nf6 2. g3 g6 3. Bg2 Bg7 4. 0-0 0-0 5. d3 d6 6. e4 c5 7. Re1 e5 8. Nbd2 Nc6 9. a4 d5 10. exd5 Nxd5 11. Nc4 f6 12. c3 Be6 13. a5 Qd7 14. Nfd2 Rad8 15. Ne4 Qe7 16. Qa4 a6 17. Qa3 Ndb4 18. cxb4 Nxb4 19. Be3 Nxd3 20. Bxc5 Nxc5 21. Nb6 Rc8 22. Nxc8 Rxc8 23. Rac1 Bf8 24. Nxc5 Rxc5 25. Qxc5 Qxc5 26. Rxc5 Bxc5 27. Bxb7 Bb4 28. Ra1 Kf7 29. Bxa6 Bd5 30. Bc8 Ke7 31. a6 Kd8 32. Rd1 1-0

[Event "CZE-chT2A 1213"]
[Site "Czech Republic"]
[Date "2013.01.06"]
[Round "6.3"]
[White "Ralis, Petr"]
[Black "Janocko, Petr"]
[Result "1-0"]
[WhiteElo "2223"]
[BlackElo "2090"]
[PlyCount "87"]
[EventDate "2012.10.14"]
[EventType "team-tourn"]
[EventRounds "11"]
[EventCountry "CZE"]
[SourceTitle "EXT 2015"]
[Source "ChessBase"]
[SourceDate "2014.11.20"]
[SourceVersion "1"]
[SourceVersionDate "2014.11.20"]
[SourceQuality "1"]
[WhiteTeam "Teplice"]
[BlackTeam "Plzen Letna"]
[WhiteTeamCountry "CZE"]
[BlackTeamCountry "CZE"]

1. Nf3 c6 2. g3 d5 3. Bg2 g6 4. d3 Bg7 5. Nbd2 Nf6 6. 0-0 0-0 7. e4 dxe4 8. dxe4 Qc7 9. Qe2 Bg4 10. h3 Bxf3 11. Qxf3 Nfd7 12. a4 c5 13. Qe2 Nc6 14. c3 Rad8 15. f4 e6 16. e5 Ne7 17. Ne4 Nd5 18. h4 a6 19. h5 Ne7 20. hxg6 hxg6 21. Be3 Rb8 22. a5 Rfd8 23. Ng5 Bh6 24. Ne4 Nf5 25. Bf2 b5 26. axb6 Rxb6 27. Rxa6 Rxa6 28. Qxa6 Rb8 29. Qa4 Bg7 30. Rd1 Nb6 31. Qa5 Nd5 32. Qxc7 Nxc7 33. Bxc5 Rxb2 34. Rd8+ Kh7 35. Ng5+ Kh6 36. Nxf7+ Kh7 37. g4 Nh4 38. Be4 Re2 39. Ng5+ Kh6 40. Rd7 Nd5 41. Bxd5 exd5 42. Bf2 Nf5 43. gxf5 gxf5 44. Ne6 1-0